000 00548cam a22002171a 4500
001 sa 68016004
003 DLC
005 20260227112651.0
008 950323s1966 io 000 0 jav
010 _asa 68016004
025 _aPL480:Indo-4993
035 _a(OCoLC)32192741
040 _aDLC
_cWU
_dDLC
042 _apremarc
050 0 0 _aPL5179.W5
_bW3
100 1 _aWidajat, Widi.
245 1 0 _aWasijating bijung /
_cgambar: S. Trisno.
250 _aTjap-tjapan 1.
260 _aSemarang :
_b"Dawud,"
_c1966.
300 _a74 p. ;
_c15 cm.
999 _c86861
_d86861